Delirium Tremens (Record no. 518)
[ view plain ]
| 000 -LEADER | |
|---|---|
| campo de control de longitud fija | 00381nam a22001337a 4500 |
| 008 - DATOS DE LONGITUD FIJA--INFORMACIÓN GENERAL | |
| campo de control de longitud fija | 150410b xxu||||| |||| 00| 0 eng d |
| 082 ## - NÚMERO DE LA CLASIFICACIÓN DECIMAL DEWEY | |
| Número de clasificación | 861.985 |
| Número de ítem | Z 375d |
| 100 ## - ENTRADA PRINCIPAL--NOMBRE DE PERSONA | |
| Nombre de persona | Zelada Leo |
| 9 (RLIN) | 2402 |
| 245 ## - MENCIÓN DEL TÍTULO | |
| Título | Delirium Tremens |
| Mención de responsabilidad, etc. | Zelada Leo |
| 260 ## - PUBLICACIÓN, DISTRIBUCIÓN, ETC. | |
| Lugar de publicación, distribución, etc. | Peru |
| Nombre del editor, distribuidor, etc. | Federacion Grafica del Peru |
| Fecha de publicación, distribución, etc. | 1999 |
| 300 ## - DESCRIPCIÓN FÍSICA | |
| Extensión | 63 p. |
| Dimensiones | 20.5 cm |
| 650 ## - PUNTO DE ACCESO ADICIONAL DE MATERIA--TÉRMINO DE MATERIA | |
| Subdivisión general | Literatura |
| -- | Poesia |
| Subdivisión geográfica | Peru |
| 9 (RLIN) | 2403 |
| 700 ## - ENTRADA AGREGADA--NOMBRE PERSONAL | |
| Nombre de persona | Leo Zelada |
| 9 (RLIN) | 2404 |
| Estatus retirado | Estado de pérdida | Fuente del sistema de clasificación o colocación | Estado de daño | No para préstamo | Biblioteca de origen | Biblioteca actual | Ubicación en estantería | Fecha de adquisición | Total de préstamos | Signatura topográfica completa | Código de barras | Visto por última vez | Precio de reemplazo | Tipo de ítem Koha |
|---|---|---|---|---|---|---|---|---|---|---|---|---|---|---|
| Clasificación Decimal Dewey | Biblioteca LadoV | Biblioteca LadoV | 10/04/2015 | 861.985 Z 375d | 000548 | 10/04/2015 | 10/04/2015 | Material 01 |
